000 00220 a2200097 4500
001 7041
100 _aIbrahim,S.M
245 _aTarikh-e-Tibri(Unro Bin Abdul Aziz)
260 _a
_bNafees Academy
_c
090 _c5811
_d5811
942 _aNUST-CAE
_cM
_c32280
999 _c242114
_d242114